| 000 | 00470nam a2200157 a 4500 | ||
|---|---|---|---|
| 001 | 000030192 | ||
| 005 | 20200930060123.0 | ||
| 008 | 110504s2008 es 000 0 spa d | ||
| 040 |
_aDO-SdBNP _bspa _cBNPHU |
||
| 110 | 1 |
_aFundación BBVA _956899 |
|
| 245 | 1 | 0 | _aMemoria anual 2008 /. |
| 260 |
_cBilbao : _bFundación BBVA, _c[2008?]. |
||
| 300 |
_a207 p. : _bil., gráf., retrs., +e1 disco compacto (CD-ROM) ; _c29 cm. |
||
| 500 | _aTextos a dos columnas | ||
| 049 | _aBNPD | ||
| 999 |
_c29684 _d29684 |
||